| 000 | 00396nam a2200145Ia 4500 | ||
|---|---|---|---|
| 008 | 230917s9999||||xx |||||||||||||| ||und|| | ||
| 040 |
_e194503 _aMAIN |
||
| 041 | _aEnglish | ||
| 082 | _a005.1 K459P | ||
| 100 | _aKernighan, Brian W | ||
| 245 | 0 | _aPractice of programming: Simplicity, Clarity, Generality | |
| 260 |
_aNew Delhi _bPearson Education _c2010 |
||
| 300 | _aix, 267 p. | ||
| 942 | _cBK | ||
| 999 |
_c157852 _d157852 |
||